00781cam a22002411 4500001001300000003000400013005001700017008004100034010001700075035001900092040001900111042001200130050001700142100004500159245008100204260004500285300003300330410005500363504002700418650004200445700003500487999001700522gs 59000223 DLC20260227111408.0790330s1959 mtua 000 0 eng  ags 59000223  a(OCoLC)4803213 aDLCcTxEUdDLC apremarc00aTN24.M9bS331 aSahinen, Uuno M.q(Uuno Mathias),d1906-10aSummary of Montana mineral resources,cby Uuno M. Sahinen and F. A. Crowley. aButte :bMontana School of Mines,c1959. av, 51 p.bfold. map.c28 cm.20aMontana Bureau of Mines and Geology.tBulletinv11 aBibliography: p.41-51. 0aMines and mineral resourceszMontana.1 aCrowley, F. A.,ejoint author. c29367d29367